00340 2200145 4500245005100000250001100051100002500062650001700087650001600104005001900120260001800139041001400157084001400171336000900185 aPerjalanan HidupkucSalwa Zhalilah PutrihText aCet. 1 aSalwa Zhalilah Putri aAutobiografi aKarya Siswa a20250522093837 aJakartac2025 aIndonesia a081 SAL p atext